000 01090nam a2200313 i 4500
003 EG-GICUC
005 20260425201932.0
008 260425s1926 fr fr|||| 001 0 fre d
040 _aEG-GiCUC
_bfre
_cEG-GiCUC
_dEG-GiCUC
_eRda
041 _afre
082 0 4 _221
_a343.421
_bPI . T
092 0 4 _221
099 _aLaw1 10 343.421 Pi . T 1926
100 1 _a Pila, J. Joseph,
_eAuteur
245 _a Le Trafic Des Stupéfiants Et La Société Des Nations /
_c par J. Joseph Pila.
264 _a Paris :
_bSociété Anonyme Du Recueil Sirey ; Léon Tenin, Directeur De La Librairie,
_c1926.
300 _a298 page ;
_c 24 cm.
_billustration ;
336 _2rda contenu
_a texte
337 _2rda medias
_aOrdinateur
338 _2 transporteur rda
_a Ressource en ligne
504 _aBibliography: pages 200-250. 240-220
546 _aTexte en français
650 1 _aDroit pénal.
_2qrmak
650 1 _aLégislation Relative Aux Drogues
_2qrmak
651 1 _2qrmak
856 4 0 _uhttps://fll.law.cu.edu.eg/fulltext/bks/B10-10656.pdf
905 _a54
942 _2ddc
_cBK
_e21
_n0
999 _c73358
_d73358